Engineering materials and their testing, (Record no. 545102)
[ view plain ]
| 000 -LEADER | |
|---|---|
| fixed length control field | 00653cam a22001811 4500 |
| 082 ## - DEWEY DECIMAL CLASSIFICATION NUMBER | |
| Classification number | 620.112 |
| Author Mark | NAI |
| -- | L-21, P-46 |
| 100 1# - MAIN ENTRY--PERSONAL NAME | |
| Personal name | Naidu, Devara Satyanarayana, |
| 9 (RLIN) | 40862 |
| 245 10 - TITLE STATEMENT | |
| Title | Engineering materials and their testing, |
| Statement of responsibility, etc. | [by] D. S. Naidu. |
| 260 ## - PUBLICATION, DISTRIBUTION, ETC. | |
| Place of publication, distribution, etc. | Bombay, |
| -- | New York, |
| Name of publisher, distributor, etc. | Asia Pub. House |
| Date of publication, distribution, etc. | [1964-66] |
| 300 ## - PHYSICAL DESCRIPTION | |
| Extent | 2 v. |
| Dimensions | 23 cm. |
| 500 ## - GENERAL NOTE | |
| General note | Vol. 2 has imprint: New York, Asia Pub. House. |
| 505 0# - FORMATTED CONTENTS NOTE | |
| Formatted contents note | pt. 1. Iron, steel and their alloys.--pt. 2. Non-ferrous metals and their alloys. |
| 526 ## - STUDY PROGRAM INFORMATION NOTE | |
| Program name | 0 |
| Interest level | 0 |
| Reading level | 0 |
| Title point value | 620_112000000000000_NAI |
| 650 #0 - SUBJECT ADDED ENTRY--TOPICAL TERM | |
| Topical term or geographic name entry element | Materials |
| General subdivision | Testing. |
| 9 (RLIN) | 40863 |
| 650 #0 - SUBJECT ADDED ENTRY--TOPICAL TERM | |
| Topical term or geographic name entry element | Materials. |
| 9 (RLIN) | 1466 |
| 650 #0 - SUBJECT ADDED ENTRY--TOPICAL TERM | |
| Topical term or geographic name entry element | MCE |
| 9 (RLIN) | 379 |
| 942 ## - ADDED ENTRY ELEMENTS (KOHA) | |
| Source of classification or shelving scheme | |
| Koha item type | Book |
| Withdrawn status | Lost status | Source of classification or shelving scheme | Damaged status | Not for loan | Permanent Location | Current Location | Date acquired | Total Checkouts | Full call number | Barcode | Date last seen | Price effective from | Koha item type |
|---|---|---|---|---|---|---|---|---|---|---|---|---|---|
| Military College of Engineering (MCE) | Military College of Engineering (MCE) | 05/16/2014 | 620.112 NAI | MCE-2372 | 05/16/2014 | 05/16/2014 | Book |
